| 000 | 00719nam a2200133 a 4500 | ||
|---|---|---|---|
| 001 | 000042976 | ||
| 005 | 20201002040537.0 | ||
| 008 | 140213s2003 sp 000 0 spa d | ||
| 040 |
_aDO-SdBNP _bspa _cBNPHU |
||
| 110 | 1 |
_aEspaña _94524 |
|
| 245 | 1 | 0 |
_aConstitución Española : _baprobada por Las Cortes en sesiones plenarias del Congreso de los Diputados y del Senado celebradas el 31 de octubre de 1978 ; ratificada por el pueblo español en referéndum de 6 de diciembre de 1978 ; sancionada por S.M. el Rey ante Las Cortes el 27 de diciembre de 1978. |
| 260 |
_aMadrid : _bComisión Nacional Organizadora de los Actos Conmemorativos del 25 aniversario de la Constitución Española, _c2003. |
||
| 300 |
_a54 p. ; _c19 cm. |
||
| 999 |
_c42465 _d42465 |
||